[Event "Titled Tue 8th Jul Late"]
[Site "chess.com INT"]
[Date "2025.07.08"]
[Round "6"]
[White "Erigaisi,Arjun"]
[Black "Nakamura,Hi"]
[Result "0-1"]
[WhiteElo "2776"]
[BlackElo "2807"]

1.Nf3 d5 2.g3 g6 3.Bg2 Bg7 4.d4 Nd7 5.c4 dxc4 6.Na3 Nb6 7.Nxc4 Nxc4 8.Qa4+ c6
9.Qxc4 Nf6 10.O-O Be6 11.Qc2 Bd5 12.Bg5 Be4 13.Qb3 Qb6 14.Nd2 Bxg2 15.Kxg2 O-O
16.e3 Qc7 17.Rac1 Rac8 18.h4 Nd5 19.e4 Nb6 20.Nf3 h6 21.Bf4 Qd8 22.a4 a5
23.Be3 e6 24.d5 Nd7 25.dxe6 fxe6 26.Qxe6+ Rf7 27.Rfd1 Qe7 28.Qxg6 Rcf8 29.Nd4 Ne5
30.Qh5 Qb4 31.Qe2 c5 32.Ne6 Qxe4+ 33.f3 Rxf3  0-1

[Event "Titled Tue 8th Jul Early"]
[Site "chess.com INT"]
[Date "2025.07.08"]
[Round "6"]
[White "Bukreev,Stanislav"]
[Black "Nakamura,Hi"]
[Result "0-1"]
[WhiteElo "2305"]
[BlackElo "2807"]

1.d4 Nf6 2.c4 a6 3.Nc3 c5 4.dxc5 e6 5.a3 Bxc5 6.b4 Be7 7.Bb2 d6 8.Nf3 b6
9.e3 Bb7 10.Be2 Nbd7 11.O-O O-O 12.h3 Qc7 13.Qd2 Rac8 14.Rac1 Rfd8 15.Rfd1 Qb8
16.Nd4 Qa8 17.Bf1 Bf8 18.Qc2 Ne5 19.Qb3 d5 20.cxd5 Nxd5 21.Na4 Nd7 22.Rxc8 Qxc8
23.Rc1 Qa8 24.Nc3 b5 25.Nxd5 Bxd5 26.Qc3 Nb6 27.Ba1 Rc8 28.Qe1 Bc4 29.Nf3 Bxf1
30.Qxf1 Nc4 31.a4 Bxb4 32.Rb1 Bf8 33.axb5 Na3 34.Rb3 axb5 35.Bb2 b4 36.Nd4 Nc4
37.Qe1 Qa2 38.Qa1 Qxa1+ 39.Bxa1 Nd2 40.Rd3 Rc1+ 41.Kh2 Nf1+ 42.Kg1 Nxe3+
43.Kh2 Nf1+ 44.Kg1 Rxa1 45.Nc6 Ne3+ 46.Kh2 Nd5  0-1

[Event "Titled Tue 8th Jul Early"]
[Site "chess.com INT"]
[Date "2025.07.08"]
[Round "7"]
[White "Nakamura,Hi"]
[Black "Sindarov,Javokhir"]
[Result "0-1"]
[WhiteElo "2807"]
[BlackElo "2722"]

1.d4 Nf6 2.Bg5 c5 3.d5 Qb6 4.Nc3 e6 5.Bxf6 gxf6 6.Rb1 f5 7.e3 Bg7 8.Nge2 d6
9.g3 Nd7 10.Bg2 Nf6 11.a3 Bd7 12.O-O e5 13.b4 c4 14.a4 Rc8 15.Qd2 h5 16.h4 Ng4
17.Bh3 Bf6 18.Bxg4 fxg4 19.f4 gxf3 20.Rxf3 Be7 21.Rbf1 Rf8 22.Kh2 Bg4 23.R3f2 f5
24.a5 Qxb4 25.Rb1 Qxa5 26.Rxb7 Qa6 27.Rb4 Bd8 28.e4 f4 29.gxf4 Ba5 30.Ra4 Qb6
31.Rg2 exf4 32.Nd4 f3 33.Rf2 Qd8 34.Rxa5 Qxh4+ 35.Kg1 Qg3+ 36.Kh1 Qh3+ 37.Kg1 Rg8
38.Rh2 Bd7+ 39.Kf2 Qxh2+ 40.Ke3 Qxd2+ 41.Kxd2 f2 42.Ke2 Rf8 43.Ra1 Bg4+  0-1

[Event "Titled Tue 8th Jul Late"]
[Site "chess.com INT"]
[Date "2025.07.08"]
[Round "7"]
[White "Nakamura,Hi"]
[Black "Niemann,Hans Moke"]
[Result "1-0"]
[WhiteElo "2807"]
[BlackElo "2736"]

1.d4 Nf6 2.Bg5 d5 3.e3 c5 4.Bxf6 gxf6 5.dxc5 e6 6.a3 Bxc5 7.Nf3 Nc6 8.b4 Be7
9.Nbd2 e5 10.Be2 e4 11.Ng1 f5 12.c3 f4 13.exf4 Rg8 14.g3 Bf6 15.Rc1 Be6 16.Bb5 Qb6
17.Bxc6+ bxc6 18.Nb3 Bg4 19.Qd2 O-O-O 20.Ne2 Rde8 21.Ned4 h5 22.Qe3 Bh3 23.Kd2 Rd8
24.Kc2 Bd7 25.Nc5 Be7 26.Ndb3 Bg4 27.h4 Qb5 28.a4 Qb6 29.Rb1 Rg6 30.Rb2 Kc7
31.Rhb1 Rb8 32.Nd4 Kd8 33.a5 Qc7 34.Na6 Qb7 35.Nxb8 Qxb8 36.b5 Qc7 37.Nxc6+ Rxc6
38.bxc6 Qxc6 39.Rb8+ Bc8 40.Qxa7 Bd6 41.Qb6+ Qxb6  1-0

[Event "Titled Tue 8th Jul Late"]
[Site "chess.com INT"]
[Date "2025.07.08"]
[Round "8"]
[White "Xiong,Jeffery"]
[Black "Nakamura,Hi"]
[Result "0-1"]
[WhiteElo "2646"]
[BlackElo "2807"]

1.d4 d5 2.c4 e6 3.Nf3 c5 4.cxd5 exd5 5.g3 Nc6 6.Bg2 Nf6 7.O-O Be7 8.dxc5 Bxc5
9.Qc2 Bb6 10.Nc3 h6 11.Na4 Bc7 12.Rd1 O-O 13.Be3 Re8 14.h3 Bxg3 15.fxg3 Rxe3
16.Nc3 d4 17.Qd2 Qb6 18.Na4 Qa6 19.Nc5 Qb6 20.Rac1 Ne4 21.Nxe4 Rxe4 22.Kh2 Be6
23.Ng5 Re3 24.Nf3 Bxa2 25.b4 Bb3 26.Nxd4 Qxd4 27.Qxd4 Nxd4 28.Rxd4 Rxe2 29.Kg1 Rb8
30.Rc7 Be6 31.g4 Rb2 32.Bxb7 a5 33.b5 Rxb5  0-1

[Event "Titled Tue 8th Jul Early"]
[Site "chess.com INT"]
[Date "2025.07.08"]
[Round "8"]
[White "Oparin,G"]
[Black "Nakamura,Hi"]
[Result "0-1"]
[WhiteElo "2660"]
[BlackElo "2807"]

1.d4 c5 2.e3 e6 3.Nf3 Nf6 4.b3 cxd4 5.exd4 d5 6.Bd3 Nc6 7.O-O Be7 8.Bb2 O-O
9.Nbd2 b6 10.a3 Bb7 11.Qe2 Qc7 12.Ne5 Rac8 13.Rac1 Qb8 14.f4 g6 15.g4 Rc7
16.Rf2 Re8 17.h4 Bf8 18.h5 Qa8 19.hxg6 fxg6 20.g5 Nxe5 21.Qxe5 Ng4 22.Qxc7 Re7
23.Qd6 Re8 24.Qc7 Re7 25.Qd6 Qc8 26.f5 Nxf2 27.Kxf2 e5 28.fxg6 e4 29.Nxe4 Qf5+
30.Kg1 Rxe4 31.gxh7+ Qxh7 32.Bxe4 Qxe4 33.Qg3 Ba6 34.Re1 Qxc2 35.Qf2 Qg6
36.Qf6 Qd3 37.Qe6+ Kh8 38.Qe3 Qc2 39.Bc1 Bg7 40.Bd2 Bc8 41.Rc1 Qf5 42.Qe8+ Kh7
43.Qxc8 Bxd4+ 44.Kg2 Qe4+ 45.Kg3 Be5+ 46.Kf2 Bd4+ 47.Kf1 Qf3+ 48.Ke1 Bf2+
49.Kf1 Be3+ 50.Ke1 Qf2+ 51.Kd1 Qxd2+  0-1

[Event "Titled Tue 8th Jul Early"]
[Site "chess.com INT"]
[Date "2025.07.08"]
[Round "9"]
[White "Nakamura,Hi"]
[Black "Bortnyk,Olexandr"]
[Result "1-0"]
[WhiteElo "2807"]
[BlackElo "2601"]

1.d4 d6 2.e4 Nf6 3.Nc3 e5 4.Nf3 Nbd7 5.Bc4 Be7 6.a4 O-O 7.O-O a6 8.Re1 b6
9.h3 Bb7 10.Bg5 h6 11.Bh4 Nh5 12.Bxe7 Qxe7 13.Bd5 c6 14.Bb3 Nf4 15.h4 c5
16.dxe5 Nxe5 17.Nxe5 dxe5 18.g3 Rad8 19.Qg4 Ne6 20.Nd5 Bxd5 21.Bxd5 Nd4 22.Qd1 Qf6
23.Kg2 a5 24.c3 Ne6 25.Qh5 Nc7 26.c4 Ne6 27.Re3 Nd4 28.Rf1 Kh7 29.f4 Rde8
30.fxe5 Qxe5 31.Qxe5 Rxe5 32.Rxf7 Rxf7 33.Bxf7 g6 34.Bd5 Kg7 35.Re1 Re8 36.e5 h5
37.Kh3 Nc2 38.Re4 Nd4 39.g4 hxg4+ 40.Kxg4 Nf5 41.Re1 Kh6 42.e6 Kg7 43.h5 Kf6
44.hxg6 Nh6+ 45.Kh5 Nf5 46.Kg4 Nh6+ 47.Kf4 Kxg6 48.Ke5 Ng4+ 49.Kd6 Nh6 50.Kd7  1-0

[Event "Titled Tue 8th Jul Late"]
[Site "chess.com INT"]
[Date "2025.07.08"]
[Round "9"]
[White "Nakamura,Hi"]
[Black "Firouzja,Alireza"]
[Result "0-1"]
[WhiteElo "2807"]
[BlackElo "2766"]

1.e4 c5 2.Nf3 d6 3.Bb5+ Nd7 4.a4 a6 5.Be2 Ngf6 6.d3 b6 7.O-O Bb7 8.Nfd2 g6
9.f4 Bg7 10.Bf3 Qc7 11.Nc3 O-O 12.Qe1 Bc6 13.b3 Nh5 14.Ndb1 Bd4+ 15.Kh1 Ng7
16.Ra2 b5 17.Ne2 Bf6 18.Nbc3 Ne6 19.f5 Nd4 20.Nxd4 cxd4 21.Ne2 bxa4 22.bxa4 Rab8
23.Bd2 Kh8 24.Qf2 Qb6 25.Bh6 Rg8 26.fxg6 fxg6 27.Bg4 Qc5 28.Be6 Rgd8 29.h3 Qe5
30.Bc4 Qc5 31.Be6 Qe5 32.Bc4 Qh5 33.Bd2 Ne5 34.Nf4 Qh4 35.g3 Qh6 36.Bb3 g5
37.Ne6 Qxh3+ 38.Kg1 Rg8 39.Qg2 Qxg2+ 40.Kxg2 Nxd3 41.Bd5 Bxd5 42.exd5 Nc5
43.Re1 Rbc8 44.Bb4 Nxe6 45.Rxe6 Kg7 46.Bd2 Rc4 47.Re2 Rgc8 48.Ba5 R4c5 49.Bb6 Rxd5
50.a5 d3 51.cxd3 Rxd3 52.Rac2 Rcc3 53.Rxc3 Rxc3 54.Re4 Kf7 55.Rb4 Rc6 56.Bd8 Ke6
57.Rb7 h5 58.Ra7 h4 59.gxh4 gxh4 60.Bb6 Rc3 61.Rxa6 h3+ 62.Kh1 Be5 63.Bg1 Rc1
64.Rc6 Rxc6  0-1

[Event "Titled Tue 8th Jul Late"]
[Site "chess.com INT"]
[Date "2025.07.08"]
[Round "10"]
[White "Indjic,A"]
[Black "Nakamura,Hi"]
[Result "1/2-1/2"]
[WhiteElo "2661"]
[BlackElo "2807"]

1.d4 d5 2.c4 e6 3.Nc3 c5 4.cxd5 exd5 5.Nf3 Nf6 6.Bg5 Be6 7.g3 c4 8.a3 Be7
9.Bxf6 Bxf6 10.Bg2 Nc6 11.e3 O-O 12.Ng1 Bg5 13.Nge2 Rc8 14.h4 Bh6 15.O-O Re8
16.b4 Ne7 17.a4 Bf5 18.a5 Bd3 19.Re1 Qd6 20.Qa4 Red8 21.b5 g5 22.hxg5 Bxg5
23.Nf4 Bxf4 24.exf4 f6 25.Bh3 Nf5 26.Bxf5 Bxf5 27.Re3 Re8 28.Rae1 Rxe3 29.Rxe3 Qd7
30.Qa3 Kf7 31.b6 a6 32.Qc1 h5 33.Qd1 Bg4 34.Qf1 h4 35.f3 Bf5 36.g4 Bd3 37.Qf2 Rh8
38.f5 Re8 39.Rxe8 Qxe8 40.Kg2 Qh8 41.Qe3 Qb8 42.Qe6+ Kg7 43.Qe7+ Kg8 44.Qc7 Qe8
45.Kf2 h3 46.Nxd5 Qe2+ 47.Kg3 Qe1+ 48.Kf4 Qd2+ 49.Kg3 Qe1+ 50.Kf4 Qd2+ 51.Kg3 Qe1+  1/2-1/2

[Event "Titled Tue 8th Jul Early"]
[Site "chess.com INT"]
[Date "2025.07.08"]
[Round "10"]
[White "Nakamura,Hi"]
[Black "Lazavik,Denis"]
[Result "1-0"]
[WhiteElo "2807"]
[BlackElo "2580"]

1.c4 Nf6 2.Nc3 g6 3.e4 d6 4.d4 Bg7 5.Be2 O-O 6.Be3 e5 7.d5 Na6 8.h4 Nc5 9.Qc2 c6
10.h5 cxd5 11.cxd5 Qa5 12.h6 Bh8 13.f3 Nh5 14.a3 Qd8 15.O-O-O Bd7 16.b4 Na6
17.Kb1 Rc8 18.Qd2 Nf4 19.g3 Nh5 20.Bf2 Nc7 21.Bd3 Na8 22.Nb5 Bxb5 23.Bxb5 Nb6
24.Ne2 f5 25.Bxb6 axb6 26.exf5 e4 27.fxe4 Nf6 28.Bd3 Qe7 29.fxg6 Nxe4 30.gxh7+ Qxh7
31.Ka2 Rf3 32.Rh4 Nxd2 33.Rg4+ Kf8 34.Bxh7 Ke7 35.Rxd2 Rf1 36.Nd4  1-0

[Event "Titled Tue 8th Jul Early"]
[Site "chess.com INT"]
[Date "2025.07.08"]
[Round "11"]
[White "Pranav,V"]
[Black "Nakamura,Hi"]
[Result "0-1"]
[WhiteElo "2594"]
[BlackElo "2807"]

1.e4 e5 2.Nc3 Nf6 3.Bc4 Nc6 4.d3 Bb4 5.Ne2 d6 6.O-O h6 7.f4 Be6 8.f5 Bxc4
9.dxc4 Bc5+ 10.Kh1 a6 11.a3 Nd4 12.Be3 Nxe2 13.Qxe2 Bxe3 14.Qxe3 b6 15.b3 Qe7
16.Rad1 O-O 17.g4 Rfd8 18.g5 hxg5 19.Qxg5 Kf8 20.Rg1 c6 21.Qxg7+ Ke8 22.Qg5 Kd7
23.Qe3 Kc7 24.Rg7 Rh8 25.Rdg1 Nh5 26.R7g4 Rh7 27.Na4 Rb8 28.Rg8 Rb7 29.Nc3 Nf4
30.R1g4 Rh3 31.Qd2 Qf6 32.Ne2 Rxh2+ 33.Kxh2 Qh6+ 34.Rh4 Qxh4+ 35.Kg1 Qh7
36.Rg3 Qh4 37.Rg8 Qh7 38.Rg3 Nh5 39.Rg2 Rb8 40.Qg5 Kd7 41.Kf2 Nf4 42.Nxf4 exf4
43.Qxf4 Re8 44.Ke3 Qh3+ 45.Rg3 Qh1 46.Kd3 Qd1+ 47.Kc3 Qa1+ 48.Kd2 Qxa3 49.Rd3 Qc5
50.f6 Re6 51.Qh6 Qe5 52.Qf8 Qf4+ 53.Kc3 Qxf6+ 54.Kd2 Rxe4 55.Qb8 Qg5+ 56.Kc3 Qe5+
57.Kd2 Re2+ 58.Kd1 Re1+ 59.Kd2 Re2+ 60.Kd1 Rh2 61.Qb7+ Ke6 62.Qc8+ Ke7 63.Qc7+ Kf8
64.Qc8+ Kg7 65.Qg4+ Kh6 66.Rh3+ Rxh3 67.Qxh3+ Qh5+  0-1

[Event "Titled Tue 8th Jul Late"]
[Site "chess.com INT"]
[Date "2025.07.08"]
[Round "11"]
[White "Yeletsky,Ivan"]
[Black "Nakamura,Hi"]
[Result "0-1"]
[WhiteElo "2469"]
[BlackElo "2807"]

1.e4 c5 2.Nf3 d6 3.d4 cxd4 4.Nxd4 Nf6 5.Nc3 a6 6.Bc4 g6 7.f3 Bg7 8.Be3 Nbd7
9.Qd2 h5 10.Bb3 Nc5 11.O-O Bd7 12.Rad1 Rc8 13.Nde2 b5 14.a3 Nxb3 15.cxb3 Be6
16.Nd4 Nd7 17.Nxe6 fxe6 18.Ne2 e5 19.Rc1 O-O 20.Qd5+ Kh7 21.Qb7 Nc5 22.Bxc5 Rxc5
23.b4 Rc8 24.Qxa6 Bh6 25.Rc3 Rb8 26.Qc6 Rb6 27.Qd5 Qd7 28.Rd1 e6 29.Qd3 Rd8
30.Qc2 Rb7 31.Rc6 Be3+ 32.Kh1 Qe7 33.Rc3 Bb6 34.Qd3 d5 35.Qb1 h4 36.Ng1 Bd4
37.Rc2 Bxg1 38.Kxg1 h3 39.gxh3 Rbd7 40.Rcd2 Qg5+ 41.Kh1 Qf4 42.Rd3 d4 43.Qc1 Qf6
44.Qd2 Rc7 45.Qg2 Rdc8 46.R3d2 Rf8 47.Rf2 Rfc8 48.Rg1 Rc1 49.Rff1 R1c2 50.Rf2 d3
51.Rxc2 Rxc2 52.Qg3 d2 53.Qg4 Rc1 54.f4 exf4 55.e5 Qf7 56.Qh4+ Kg7 57.Qg4 Qb7+
58.Qg2 Qxg2+ 59.Kxg2 Rxg1+  0-1

[Event "Titled Tue 15th Jul Early"]
[Site "chess.com INT"]
[Date "2025.07.15"]
[Round "1"]
[White "Nakamura,Hi"]
[Black "Joseph Benher,Savio"]
[Result "1-0"]
[WhiteElo "2807"]
[BlackElo "2143"]

1.b3 Nf6 2.Bb2 c5 3.Nf3 Nc6 4.d4 cxd4 5.Nxd4 d6 6.Nxc6 bxc6 7.g3 Bd7 8.Bg2 e6
9.O-O d5 10.c4 Be7 11.Nd2 O-O 12.Qc2 Rc8 13.Rfd1 Qb6 14.e3 Rfd8 15.Rac1 h6
16.Nf3 Be8 17.Ne5 a5 18.Bc3 Qa7 19.Bd4 c5 20.Bb2 a4 21.cxd5 exd5 22.Rb1 a3
23.Ba1 c4 24.Bd4 Qa5 25.Rdc1 Bb5 26.bxc4 Bxc4 27.Bb6 Qa6 28.Bxd8 Bxd8 29.Nxc4 Rxc4
30.Bf1 Rxc2 31.Bxa6 Rxc1+ 32.Rxc1 Be7 33.Rc8+ Kh7 34.Rc7 Bc5 35.Rxc5  1-0

[Event "Titled Tue 15th Jul Early"]
[Site "chess.com INT"]
[Date "2025.07.15"]
[Round "2"]
[White "Zhu,Jiner"]
[Black "Nakamura,Hi"]
[Result "0-1"]
[WhiteElo "2533"]
[BlackElo "2807"]

1.e4 g6 2.d4 c6 3.Nc3 d5 4.e5 b6 5.Be3 Ba6 6.Bxa6 Nxa6 7.f4 Nc7 8.Nf3 h5
9.O-O Nh6 10.Ne2 Nf5 11.Bf2 e6 12.c3 c5 13.Ng3 Qd7 14.Nxf5 exf5 15.Bh4 Be7
16.Bxe7 Kxe7 17.Qe1 Kf8 18.Qh4 Qe7 19.Qxe7+ Kxe7 20.Kf2 Ne6 21.Ke3 Rac8 22.Rac1 Rc7
23.g3 Rhc8 24.dxc5 bxc5 25.Rcd1 Rd7 26.Rd2 a5 27.Rfd1 Nc7 28.Ne1 Rb8 29.c4 d4+
30.Ke2 h4 31.Nd3 Ne6 32.Kf3 Rh8 33.Rg2 a4 34.g4 h3 35.Rg3 Rdd8 36.gxf5 gxf5
37.Rdg1 Kf8 38.Re1 Rb8 39.Reg1 Rc8 40.Re1 Re8 41.Reg1 Ke7 42.Re1 Ra8 43.Reg1 Rac8
44.Re1 Nf8 45.Rg5 Ng6 46.Kf2 Ke6 47.Reg1 Rh4 48.Kf3 Rh7 49.Kf2 Rh6 50.R1g3 Rh4
51.Kf3 Rhh8 52.Kf2 Ne7 53.Kf3 Rh4 54.Kf2 Rhh8 55.Kf3 Rc7 56.Kf2 Nc8 57.Kf3 Nb6
58.b3 axb3 59.axb3 Nd7 60.Rg8 Rxg8 61.Rxg8 Ke7 62.Rg5 Rb7 63.Rxf5 Rxb3 64.Ke4 Ke6
65.Rh5 f5+ 66.Rxf5 Rxd3 67.Rf6+ Nxf6+  0-1

[Event "Titled Tue 15th Jul Early"]
[Site "chess.com INT"]
[Date "2025.07.15"]
[Round "3"]
[White "Nakamura,Hi"]
[Black "Ilkhomi,Jaloliddin"]
[Result "1-0"]
[WhiteElo "2807"]
[BlackElo "2315"]

1.b3 e5 2.Bb2 Nc6 3.c4 g6 4.g3 Bg7 5.Bg2 Nge7 6.Nc3 d6 7.d3 O-O 8.Nf3 h6
9.O-O Be6 10.a3 a5 11.Nd2 Qd7 12.Nd5 Nd8 13.e3 f5 14.b4 axb4 15.axb4 Rxa1
16.Qxa1 c6 17.Nb6 Qc7 18.c5 d5 19.f4 Nf7 20.d4 e4 21.Qa5 Qb8 22.Ra1 g5 23.Nb3 Ng6
24.Qa7 Qc7 25.Na5 gxf4 26.exf4 Nxf4 27.Qxb7 Qxb7 28.Nxb7 Ne2+ 29.Kh1 Nxd4
30.Na5 Nd8 31.Rd1 Nc2 32.Bxg7 Kxg7 33.b5 Ne3 34.Rc1 d4 35.bxc6 d3 36.c7 d2
37.Ra1 d1=Q+ 38.Rxd1 Nxd1 39.Bf1 Nf2+ 40.Kg1 Nd3 41.c6 Ne5 42.Bb5 Ndf7 43.Nb7 Bc8
44.Kf2 Kf6 45.Ke3 Ke7 46.Kd4 Nd6 47.Nd5+ Ke6 48.Nf4+ Ke7 49.Nd5+ Ke6 50.Nd8+ Rxd8
51.cxd8=N+  1-0

[Event "Titled Tue 15th Jul Early"]
[Site "chess.com INT"]
[Date "2025.07.15"]
[Round "4"]
[White "Amar,Elham"]
[Black "Nakamura,Hi"]
[Result "0-1"]
[WhiteElo "2600"]
[BlackElo "2807"]

1.e4 e6 2.d4 d5 3.Nc3 Nf6 4.Bg5 Bb4 5.e5 h6 6.Bd2 Bxc3 7.bxc3 Ne4 8.Bc1 c5
9.Ne2 Nc6 10.f3 Ng5 11.h4 Nh7 12.Be3 Qa5 13.Qd2 b6 14.Kf2 Ba6 15.Rd1 Rc8
16.g4 cxd4 17.cxd4 Qxd2 18.Rxd2 Na5 19.c3 Bxe2 20.Bxe2 Rxc3 21.Rd3 Rc2 22.Rc1 Rxc1
23.Bxc1 Nc4 24.Rc3 O-O 25.f4 Rc8 26.Bd3 b5 27.f5 b4 28.Rc2 a5 29.Bd2 Nf8
30.Ke2 Nd7 31.g5 hxg5 32.hxg5 Nf8 33.f6 g6 34.Rc1 Nd7 35.a3 bxa3 36.Bxa5 a2
37.Bc3 Ncxe5 38.Kd2 Nf3+ 39.Ke3 Rxc3 40.Ra1 Nxg5 41.Rxa2 Nxf6  0-1

[Event "Titled Tue 15th Jul Early"]
[Site "chess.com INT"]
[Date "2025.07.15"]
[Round "5"]
[White "Nakamura,Hi"]
[Black "Deac,Bogdan-Daniel"]
[Result "1-0"]
[WhiteElo "2807"]
[BlackElo "2674"]

1.d4 d5 2.Nf3 Nf6 3.e3 c5 4.c4 cxd4 5.exd4 g6 6.Nc3 Bg7 7.cxd5 Nxd5 8.Qb3 Nb6
9.Bb5+ Bd7 10.Ne5 O-O 11.Nxd7 N8xd7 12.Be3 Nf6 13.O-O Ng4 14.Rad1 Qd6 15.g3 Nxe3
16.fxe3 e6 17.Be2 Rac8 18.a4 Bh6 19.Ne4 Qe7 20.Nf6+ Kh8 21.e4 Bg7 22.e5 Rfd8
23.Bf3 Rc7 24.a5 Nd7 25.Ne4 b6 26.a6 f6 27.Nd6 fxe5 28.Nb5 Rcc8 29.Nxa7 Nc5
30.Nxc8  1-0

[Event "Titled Tue 15th Jul Early"]
[Site "chess.com INT"]
[Date "2025.07.15"]
[Round "6"]
[White "Kollars,Dmitrij"]
[Black "Nakamura,Hi"]
[Result "0-1"]
[WhiteElo "2644"]
[BlackElo "2807"]

1.e4 e6 2.d4 d5 3.Nc3 Nf6 4.Bg5 Bb4 5.e5 h6 6.Bd2 Bxc3 7.Bxc3 Ne4 8.Bd2 c5
9.Be3 Nc6 10.f3 Ng5 11.dxc5 f6 12.exf6 Qxf6 13.c3 e5 14.Qxd5 Be6 15.Bxg5 hxg5
16.Qe4 O-O-O 17.Bc4 Bf5 18.Qe3 e4 19.f4 gxf4 20.Qxf4 Rh4 21.Qe3 Ne5 22.Be2 Nd3+
23.Bxd3 Rxd3 24.Qf2 e3 25.Qf3 Rd2 26.c6 bxc6 27.Qxe3 Re4 28.Kxd2 Rxe3 29.Kxe3 Qg5+
30.Kf2 Qd2+ 31.Kg3 g5 32.Rf1 Qd6+ 33.Kf2 Qf4+ 34.Nf3 g4 35.Kg1 Qe3+ 36.Rf2 gxf3
37.gxf3 Bh3  0-1

[Event "Titled Tue 15th Jul Early"]
[Site "chess.com INT"]
[Date "2025.07.15"]
[Round "7"]
[White "Nakamura,Hi"]
[Black "Durarbayli,Vasif"]
[Result "1-0"]
[WhiteElo "2807"]
[BlackElo "2612"]

1.e4 c5 2.Nf3 d6 3.Bb5+ Nd7 4.a4 Nf6 5.Nc3 a6 6.Be2 b6 7.O-O Bb7 8.d3 g6
9.Nd2 Bg7 10.f4 O-O 11.Qe1 Ne8 12.f5 Nc7 13.Nf3 b5 14.axb5 axb5 15.Rxa8 Bxa8
16.Qg3 b4 17.Nd1 Nb5 18.Ne3 Ne5 19.h4 Nd4 20.Nxd4 cxd4 21.Ng4 Nxg4 22.Bxg4 Kh8
23.h5 gxf5 24.Bxf5 e6 25.h6 Be5 26.Bf4 Bf6 27.Bg4 e5 28.Bd2 Rg8 29.Bxb4 Bg5
30.Rxf7 Bxh6 31.Qf3 Qh4 32.Bh3 Be3+ 33.Kf1 d5 34.Bd6  1-0

[Event "Titled Tue 15th Jul Early"]
[Site "chess.com INT"]
[Date "2025.07.15"]
[Round "8"]
[White "Vachier Lagrave,M"]
[Black "Nakamura,Hi"]
[Result "1-0"]
[WhiteElo "2736"]
[BlackElo "2807"]

1.e4 e6 2.d4 d5 3.Nc3 Nf6 4.e5 Nfd7 5.f4 c5 6.Nf3 Nc6 7.Be3 Rb8 8.a3 a6 9.Qd2 b5
10.dxc5 Nxc5 11.b4 Nd7 12.Bd3 Be7 13.O-O f6 14.Rae1 fxe5 15.Nxe5 Ndxe5 16.fxe5 Bb7
17.Ne2 d4 18.Bf2 O-O 19.Bg3 Qd7 20.Be4 Rbd8 21.Qd3 g6 22.Bxg6 Bg5 23.Be4 Be3+
24.Kh1 Ne7 25.Rxf8+ Rxf8 26.Bxb7 Qxb7 27.Nxd4 Bxd4 28.Qxd4 Nf5 29.Qg4+ Kh8
30.Bh4 Nxh4 31.Qxh4 Qc7 32.h3 Qxc2 33.Qh6 Qf5 34.Rd1 Rg8 35.Qf6+ Qxf6 36.exf6 Rf8
37.Rd6 Rxf6 38.Rxa6 Kg7 39.Kg1 e5 40.Rxf6 Kxf6 41.Kf2 h5 42.g3 Ke6 43.Ke3 Kf5
44.Kf3 e4+ 45.Ke3 Ke5 46.g4 h4 47.g5 Kf5 48.g6 Kxg6 49.Kxe4 Kf6 50.Kf4 Ke6
51.Kg4 Kd5 52.Kxh4 Kc4 53.Kg3 Kb3 54.h4 Kxa3 55.h5  1-0

[Event "Titled Tue 15th Jul Early"]
[Site "chess.com INT"]
[Date "2025.07.15"]
[Round "9"]
[White "Nakamura,Hi"]
[Black "Andreikin,D"]
[Result "0-1"]
[WhiteElo "2807"]
[BlackElo "2695"]

1.Nf3 Nf6 2.b3 b6 3.Bb2 Bb7 4.g3 Bxf3 5.exf3 d5 6.d3 g6 7.f4 Bg7 8.Nd2 e6
9.Nf3 c5 10.Bg2 O-O 11.O-O Nc6 12.Re1 Nd7 13.c3 b5 14.Qd2 Qc7 15.Rac1 Rab8
16.h4 Rfd8 17.h5 a5 18.hxg6 hxg6 19.Ng5 Nf8 20.d4 cxd4 21.cxd4 Qb6 22.Rcd1 a4
23.Bh3 Ra8 24.b4 a3 25.Bc3 Ne7 26.Rb1 Rdc8 27.Rb3 Rc6 28.g4 Qc7 29.Qe3 Rc8
30.Bd2 Rc4 31.Nf3 Nc6 32.Rd3 Nxb4 33.Bxb4 Rxb4 34.f5 Rb2 35.Rxa3 b4 36.Ra6 Qb7
37.Bf1 Re8 38.Qf4 Qb8 39.Ne5 Nd7 40.Re3 Rb1 41.Qf3 Bxe5 42.fxe6 fxe6 43.dxe5 Rf8
44.Qe2 Nc5 45.Rc6 Ne4 46.Rxe6 Rxf2 47.Rxg6+ Kh7 48.Qxf2 Nxf2 49.Re6 Qa7 50.Rf3 Nxg4+
51.Kg2 Ne3+ 52.Kh3 Rxf1 53.Rg3 Rh1+  0-1

[Event "Titled Tue 15th Jul Early"]
[Site "chess.com INT"]
[Date "2025.07.15"]
[Round "10"]
[White "Paravyan,D"]
[Black "Nakamura,Hi"]
[Result "0-1"]
[WhiteElo "2589"]
[BlackElo "2807"]

1.e4 e6 2.d4 d5 3.e5 c5 4.c3 Ne7 5.Nf3 Nec6 6.a3 c4 7.a4 Na5 8.Nbd2 Qc7 9.Be2 Nbc6
10.O-O Bd7 11.b4 cxb3 12.Nxb3 Nxb3 13.Qxb3 Na5 14.Qa2 Rc8 15.h4 h6 16.h5 Be7
17.Qb1 O-O 18.Ba3 Bxa3 19.Rxa3 b6 20.Nh4 f5 21.Ng6 Rf7 22.Rc1 Nc4 23.Ra2 Be8
24.Bxc4 Qxc4 25.Nf4 Re7 26.a5 b5 27.a6 Rc6 28.Rcc2 Rec7 29.Kh2 Rb6 30.Qb4 Qxb4
31.cxb4 Rc4 32.Kg3 Kf7 33.Kf3 Rbc6 34.Rxc4 Rxc4 35.Ke3 Rxb4 36.Nd3 Rc4 37.Rb2 Ke7
38.Nf4 Bd7 39.f3 Ra4 40.g4 fxg4 41.fxg4 Rxa6 42.Ng6+ Kd8 43.Rf2 Ra3+ 44.Kf4 b4
45.g5 b3 46.gxh6 gxh6 47.Rb2 a5  0-1

[Event "Titled Tue 15th Jul Early"]
[Site "chess.com INT"]
[Date "2025.07.15"]
[Round "11"]
[White "Nakamura,Hi"]
[Black "Sjugirov,S"]
[Result "1-0"]
[WhiteElo "2807"]
[BlackElo "2635"]

1.e4 c6 2.Nf3 d5 3.Nc3 Bg4 4.h3 Bxf3 5.Qxf3 e6 6.g3 Bc5 7.Bg2 Ne7 8.O-O O-O
9.Na4 Bd6 10.d3 Nd7 11.Qe2 b5 12.Nc3 b4 13.Nb1 a5 14.Nd2 a4 15.f4 Re8 16.Nf3 Qb8
17.e5 Bc7 18.Kh2 c5 19.h4 Ra6 20.Bh3 h6 21.a3 Qa8 22.Be3 Rb8 23.h5 bxa3 24.bxa3 Rab6
25.g4 d4 26.Bc1 f6 27.exf6 Nxf6 28.Nd2 Nfd5 29.Nc4 Ra6 30.Kg1 Rf8 31.g5 Nxf4
32.Bxf4 Bxf4 33.Bxe6+ Kh8 34.Rxf4 Rxf4 35.gxh6 Qf8 36.Bh3 Rxh6 37.Re1 Nd5
38.Ne5 Ne3 39.Ng6+ Rxg6+ 40.hxg6 Rh4 41.Qh2 Rh6 42.Qg3 Qe8 43.Bf5 Qd8 44.Rb1 Nxf5
45.Rb8  1-0

[Event "Titled Tue 22nd Jul Early"]
[Site "chess.com INT"]
[Date "2025.07.22"]
[Round "1"]
[White "Estrada Nieto,J"]
[Black "Nakamura,Hi"]
[Result "0-1"]
[WhiteElo "2189"]
[BlackElo "2807"]

1.e4 g6 2.d4 d6 3.Nf3 a6 4.a4 Bg7 5.Nc3 Bg4 6.Be2 Nd7 7.O-O c5 8.d5 Bxf3
9.Bxf3 Ngf6 10.Re1 O-O 11.a5 Ne8 12.Nb1 b5 13.axb6 Nxb6 14.Nd2 a5 15.Be2 a4
16.Nc4 e6 17.Bg5 Qc7 18.Nxb6 Qxb6 19.Be7 Bxb2 20.Bxf8 Kxf8 21.dxe6 fxe6 22.Bg4 Nc7
23.Qf3+ Kg8 24.Qh3 Bxa1 25.Bxe6+ Kg7 26.Rxa1 Qb2 27.Rf1 a3 28.Bc4 Rd8 29.Qh4 Re8
30.Qg3 Qd4 31.Ba2 Nb5 32.Qb3 Rb8 33.Qf7+ Kh6 34.g3 Nc3 35.Qf4+ g5 36.Qf7 Qg7
37.Qe6+ Qg6 38.Qc4 Qf6  0-1

[Event "Titled Tue 22nd Jul Late"]
[Site "chess.com INT"]
[Date "2025.07.22"]
[Round "1"]
[White "Popilski,G"]
[Black "Nakamura,Hi"]
[Result "0-1"]
[WhiteElo "2431"]
[BlackElo "2807"]

1.e4 e6 2.d4 d5 3.e5 c5 4.c3 Qb6 5.Nf3 Bd7 6.a3 c4 7.h4 Nc6 8.h5 Na5 9.Nbd2 f5
10.Rb1 Qc7 11.Be2 Ne7 12.Qc2 Nc8 13.Bd1 Nb6 14.Nf1 Ba4 15.Qe2 Qd7 16.h6 g6
17.Bg5 Be7 18.Ne3 O-O-O 19.g3 Rhf8 20.Ng2 Bxg5 21.Nxg5 Qe7 22.Qe3 Kb8 23.O-O Bb3
24.Qf4 Rfe8 25.Qh4 Na8 26.Nf4 Nc7 27.Kg2 Qd7 28.f3 Re7 29.g4 Rf8 30.Rf2 b6
31.Bxb3 cxb3 32.Rg1 Nc4 33.Kh3 Kb7 34.Rgg2 a5 35.Nd3 a4 36.Nf4 Nb5 37.Kh2 Ka6
38.Kg1 Ree8 39.Kh2 fxg4 40.fxg4 Nxb2 41.Nxd5 exd5 42.Rxb2 Nxa3 43.Qe1 Nc4
44.Rbe2 a3 45.e6 Qd6+ 46.Kg1 b2 47.Qb1 Qf4 48.Nxh7 Rh8 49.Ref2 Qc1+ 50.Rf1 Qxb1  0-1

[Event "Titled Tue 22nd Jul Late"]
[Site "chess.com INT"]
[Date "2025.07.22"]
[Round "2"]
[White "Nakamura,Hi"]
[Black "Dilanian,G"]
[Result "1-0"]
[WhiteElo "2807"]
[BlackElo "2191"]

1.b3 Nf6 2.Bb2 g6 3.d4 Bg7 4.Nf3 O-O 5.e3 d6 6.Be2 e5 7.dxe5 Nfd7 8.O-O Nc6
9.c4 Ndxe5 10.Nc3 a5 11.Qd2 Be6 12.Rfd1 a4 13.Nxa4 Nxc4 14.Bxc4 Bxc4 15.Bxg7 Kxg7
16.Qc3+ Qf6 17.Qxc4 Ra5 18.Qc3 Rfa8 19.Qxf6+ Kxf6 20.Nd4 Nb4 21.a3 Nd5 22.Rac1 b5
23.Nc3 Nxc3 24.Rxc3 c5 25.Nc2 Ke7 26.b4 cxb4 27.axb4 Ra4 28.Nd4 Kd7 29.Nxb5 Rxb4
30.Nd4 Ra2 31.Rdc1 Rbb2 32.Rc7+ Ke8 33.R7c2 Ke7 34.Rxb2 Rxb2 35.h4 h5 36.Rc7+ Kf6
37.g3 Ra2 38.Rd7 Ra6 39.Kf1 Rb6 40.Kg2 Ra6 41.Nf3 Ke6 42.Rb7 f6 43.Nd4+ Ke5
44.Rg7  1-0

[Event "Titled Tue 22nd Jul Early"]
[Site "chess.com INT"]
[Date "2025.07.22"]
[Round "2"]
[White "Nakamura,Hi"]
[Black "Tica,Sven"]
[Result "1-0"]
[WhiteElo "2807"]
[BlackElo "2442"]

1.d4 g6 2.e4 Bg7 3.Nf3 c6 4.c3 d5 5.Nbd2 dxe4 6.Nxe4 Nf6 7.Bd3 Nxe4 8.Bxe4 Nd7
9.O-O Nf6 10.Bc2 Bg4 11.h3 Bxf3 12.Qxf3 O-O 13.Re1 Qd5 14.Qe2 Rfe8 15.Bb3 Qd7
16.Qf3 e6 17.Bf4 Nd5 18.Be5 b5 19.Re4 a5 20.a3 a4 21.Ba2 Rad8 22.Rae1 Qe7
23.Bg3 Qd7 24.Bh4 Rc8 25.R4e2 Qd6 26.Bg3 Qd7 27.Be5 Red8 28.h4 h5 29.g4 hxg4
30.Qxg4 Nf6 31.Bxf6 Bxf6 32.h5 Kh8 33.hxg6 Rg8 34.Qh5+ Kg7 35.gxf7 Kf8+ 36.fxg8=Q+  1-0

[Event "Titled Tue 22nd Jul Late"]
[Site "chess.com INT"]
[Date "2025.07.22"]
[Round "3"]
[White "Shandrygin,Nikita"]
[Black "Nakamura,Hi"]
[Result "0-1"]
[WhiteElo "2209"]
[BlackElo "2807"]

1.Nf3 d5 2.g3 g6 3.d4 Bg7 4.Bg2 Nd7 5.O-O Ngf6 6.Nbd2 Nb6 7.b3 O-O 8.Bb2 Bf5
9.c4 c6 10.Ne5 Nfd7 11.f4 f6 12.Nd3 e6 13.e4 dxe4 14.Nxe4 Bxe4 15.Bxe4 f5
16.Bg2 Qc7 17.Re1 Rfe8 18.Qc2 Rad8 19.Re2 Nf8 20.Ne5 Nbd7 21.Rd1 Nxe5 22.fxe5 g5
23.Ba3 Ng6 24.Bd6 Qf7 25.d5 f4 26.dxc6 f3 27.Rf2 g4 28.c7 Rd7 29.Bf1 Nxe5
30.c5 Nc6 31.Qe4 Qf5 32.Qxf5 exf5 33.Bc4+ Kh8 34.Rfd2 Bc3 35.Rd3 Ba5 36.Bb5 Bxc7
37.Bxc6 bxc6 38.Be5+ Bxe5 39.Rxd7 h5 40.Rf7 f4 41.gxf4 Bc3 42.Rf5 Kg7 43.Rxh5 Bf6
44.Rf5 Kg6 45.Rxf6+ Kxf6 46.Kf2 Re2+ 47.Kg3 Rg2+ 48.Kh4 Kf5 49.Rh1 f2  0-1